Normal view
MARC view
Entry Personal Name
001 - CONTROL NUMBER
- control field: 1239747
003 - CONTROL NUMBER IDENTIFIER
- control field: OSt
005 - DATE AND TIME OF LATEST TRANSACTION
- control field: 20260514122620.0
008 - FIXED-LENGTH DATA ELEMENTS
- fixed length control field: 260514|| aca||aabn | a|a d
040 ## - CATALOGING SOURCE
- Original cataloging agency: OSt
- Transcribing agency: OSt
100 ## - HEADING--PERSONAL NAME
- Personal name: Dr.Bhise Vikash Dayanand
670 ## - SOURCE DATA FOUND
- Source citation: Work cat.: (OSt)1851546: Dr.Bhise Vikash Dayanand , To Study the Feasibility of Video Assisted anal Fistula Treatment in the Management of Fistula in Ano.
